|
|
|
|
| LEADER |
00931nam a22002297a 4500 |
| 001 |
38137 |
| 003 |
BD-DhAAL |
| 008 |
220324t2007 ii ||||| |||| 00| 0 ben d |
| 999 |
|
|
|c 43872
|d 43872
|
| 020 |
|
|
|a 8177566717
|
| 040 |
|
|
|a BD-DhAAL
|
| 041 |
|
|
|a ben
|
| 082 |
|
|
|a 891.443
|2 23
|
| 100 |
|
|
|a গঙ্গোপাধ্যায়, সুনীল
|9 47365
|
| 245 |
|
|
|a হে মহাজীবন /
|c সুনীল গঙ্গোপাধ্যায়
|
| 260 |
|
|
|a কলকাতা :
|b আনন্দ,
|c ২০০৭.
|
| 300 |
|
|
|a ২৩৩ পৃষ্ঠা ;
|c ২২ সে.মি.
|
| 541 |
|
|
|a Donated By Akbar Ali Khan
|e 38137
|
| 650 |
|
|
|a Bengali fiction.
|9 47366
|
| 852 |
|
|
|a Ayesha Abed Library
|c Akbar Ali Khan Collection
|
| 942 |
|
|
|2 ddc
|c BK
|
| 952 |
|
|
|0 0
|1 0
|2 ddc
|4 0
|6 891_443000000000000_GAN
|7 1
|9 70261
|a BRACUL
|b BRACUL
|c AAKC
|d 2022-03-24
|e Donated by Akbar Ali Khan
|l 0
|o 891.443 GAN
|p 3010038137
|r 2022-03-24
|t 1
|w 2022-03-24
|y BK
|